00722nam a2200205 a 450000100060000000300090000600800410001504000280005608200200008410000300010424500790013426000420021330000080025550001030026365000450036665000400041165000360045194200120048799900170049914475CO-ViMGA141112s2004 ck r 000 u spa d aCO-ViMGAbspacCO-ViMGA04aFr986.1O635 6761 aCoronel M., Alvaro92121010aEn el Llano adentro : bTrabajo de llano, el coleo, Arauca - Villavicencio aVillavicencio : bGM editores, c1999 a259 aEn : En el Llano adentro : trabajos de Llano, el coleo, Arauca - Villavicencio; Fr 986.10635 C676l14aDEPARTAMENTO DE ARAUCA - HISTORIA92121114aLLANOS ORIENTALES - HISTORIA92121214aVILLAVICENCIO - HISTORIA917034 2ddccBK c25103d25103